000 00451nam a2200181Ia 4500
999 _c28982
_d28982
003 OSt
005 20250530135101.0
008 250310s9999||||xx |||||||||||||| ||und||
020 _a0-408-00077-5
040 _c.
082 _a623.87236
_bP8767
100 _9803
_aPounder, C. C.
245 0 _aMarine Diesel Engines /
_cC. C. Pounder
250 _a5th ed.
260 _aLondon :
_bButterworth & co ltd,
_c1972.
300 _a737 p.
942 _cBK
_2ddc